00337nam a2200145Ia 4500008004100000020001500041041001200056082001600068100002100084245003100105250000800136260002500144300000800169650001400177221030s9999 xx 000 0 und d a8120312538 aEnglish a105.23bYeg aB. Yegnanarayana 0aArtificial Neural Networks a2nd bPHIaNew Delhic2005 a461 aComputers